हरवलेले बालपण (Record no. 46665)

MARC details
000 -LEADER
fixed length control field 00477nam a2200181Ia 4500
008 - FIXED-LENGTH DATA ELEMENTS--GENERAL INFORMATION
fixed length control field 220531s9999 xx 000 0 und d
041 ## - LANGUAGE CODE
Language code of text/sound track or separate title eng
082 ## - DEWEY DECIMAL CLASSIFICATION NUMBER
Item number DES
100 ## - MAIN ENTRY--PERSONAL NAME
Personal name देशमुख, लक्ष्मीकांत
9 (RLIN) 84841
245 ## - TITLE STATEMENT
Title हरवलेले बालपण
250 ## - EDITION STATEMENT
Edition statement 1ST
260 ## - PUBLICATION, DISTRIBUTION, ETC. (IMPRINT)
Place of publication, distribution, etc. Pune
Name of publisher, distributor, etc. Mehata
Date of publication, distribution, etc. 2014
300 ## - PHYSICAL DESCRIPTION
Extent 268
542 ## - INFORMATION RELATING TO COPYRIGHT STATUS
Copyright holder 12-03-2018
650 ## - SUBJECT ADDED ENTRY--TOPICAL TERM
Topical term or geographic name as entry element General
9 (RLIN) 84842
906 ## - LOCAL DATA ELEMENT F, LDF (RLIN)
d 2017-2018
f 12088
Holdings
Withdrawn status Lost status Source of classification or shelving scheme Damaged status Not for loan Collection code Home library Current library Date acquired Vendor Cost, normal purchase price Total Checkouts Total Holds Full call number Barcode Date last seen Cost, replacement price Bill Date Koha item type Original Barcode
    Dewey Decimal Classification       Shri Siddhivinayak Mahila Mahavidyalaya Shri Siddhivinayak Mahila Mahavidyalaya 12/03/2018 Manav Samsadhan Vikas 280.00   1 /25901 SSMM-BK-25901 06/08/2022 280.00 06/08/2022 Books 010025901